000 00817nam1a22002291i 4500
001 rc\3470878
005 20240723192846.0
035 _a(NLR Aleph) 007640367
090 _a6119313
_c6119313
100 _a20130115d1973 |||y0rusy50 ca
101 0 _arus
102 _aRU
105 _ay z |||||
200 1 _aНекоторые проблемы современного империализма и внешняя торговля
_e(Учеб. пособие)
_fВсесоюз. акад. внеш. торговли
210 _aМосква
_cБ. и.
_d1973
215 _d21
606 _aИмпериализм
_2psbo
606 _aВнешняя торговля капиталистических стран
_2psbo
801 0 _aRU
_bNLR
_gpsbo
801 1 _aRU
_bELAR
_2rusmarc
852 _aNLR
_j73-5/5639
942 _cBOOK